000 00936nam a22003017a 4500
001 BR8203962
003 BR-BrBNA
005 20230928091359.0
007 ta
008 230509b bl.||||| |||| 00| 0 por d
040 _aBR-BrBNA
_bpor
_cBiblioteca Nacional de Agricultura
041 _a(Por)
072 _aE30; E10
_b/G514
090 _ E30 BR8203962
110 1 _aComissao Estadual de Planejamento Agricola, Fortaleza, CE (Brasil)
_92048
245 1 _aProjeto de desenvolvimento rural integrado do Ceara; atualizacao do diagnostico institucional 1981. v. 2 servicos basicos e sociais [Projeto agricola, Brasil]
260 3 _aFortaleza, CE (Brasil):
_c1982.
300 _a310 p.
500 _aNumerical data
650 _aPROJETO AGRICOLA
650 _aEDUCACAO
650 _aESTRADA DE RODAGEM
650 _aSANEAMENTO
650 _aSAUDE
650 _aCEARA
909 _a202309
_bLucia
_c55
_dLucia Elande
942 _cBK
999 _c33629
_d33629